Medzi ilúziou a realitou

Bibliographic Details
Main Authors: Geržová, Jana, 1951- (Author), Ševčíková, Jana (Author), Ševčík, Jiří (Author), Sikora, Rudolf, 1946- (Author), Hošovský, Gabriel (Author), Novák, Miloš (Author), Knut, Martin, 1964- (Author), Kovalčíková, M. (Author)
Format: Article
Language:Slovak
PhysicalDescription:Fot. 9.
Subjects:

MARC

LEADER 00000nab a2200000 a 4500
001 vtls000393079
003 SK-MaSNL
005 20260304001042.0
008 230120c1990 xo 0 slo
015 |a SNBRB19rr/mm-uuuuu 
035 |a CL0393203 
035 |a urn:nbn:sk:snk-ab9cp 
035 |a (urnnbn)urn:nbn:sk:snk:ar-005lhq 
035 |a (uuid)7288d492-c1bd-41ac-8ae4-bcd0144a54c2 
040 |a SNKBUCL  |b slo  |c SNKBUCL  |e AACR2 
041 0 |a slo 
044 |a xo  |c SK 
080 |a 73/76.036(437)  |2 1981 
245 0 0 |a Medzi ilúziou a realitou  |c Jana Geržová, Jana Ševčíková, Jiří Ševčík, Rudolf Sikora, Gabriel Hošovský, Miloš Novák, Martin Knut, M. Kovalčíková 
300 |b Fot. 9. 
650 0 7 |a slovenské výtvarné umenie  |2 snkbucl  |9 68597 
650 0 7 |a české výtvarné umenie  |2 snkbucl  |9 68920 
650 0 7 |a postmoderné umenie  |2 snkbucl  |9 79625 
655 7 |a štúdie  |2 snkbucl  |9 57033 
655 7 |a články z novín a časopisov  |2 snkbucl  |9 267496 
700 1 |a Geržová, Jana,  |d 1951-  |4 aut  |9 103817 
700 1 |a Ševčíková, Jana  |4 aut  |9 5811 
700 1 |a Ševčík, Jiří  |4 aut  |9 521809 
700 1 |a Sikora, Rudolf,  |d 1946-  |4 aut  |9 93399 
700 1 |a Hošovský, Gabriel  |4 aut  |9 1277251 
700 1 |a Novák, Miloš  |4 aut  |9 9526 
700 1 |a Knut, Martin,  |d 1964-  |4 aut  |9 186679 
700 1 |a Kovalčíková, M.  |4 aut  |9 464032 
773 0 |t Výtvarný život  |g Roč. 35, č. 6 (1990), s. 1-5 
850 |a Slovenská národná knižnica v Martine  |a MTA001 
852 |a SNK  |b KIS3GCP 
954 |a odborná, vedecká literatúra pôvodná (slovenská)  |2 lita 
958 |a RK 
958 |a OND 
958 |a EUIPO 
958 |a article27 
992 |a RBX 
999 |c 2534366  |d 2536296